000 00728nam a2200265Ia 4500
003 OSt
005 20221006150828.0
006 a|||||r|||| 00| 0
007 ta
008 221006b |||||||| |||| 00| 0 jpn d
020 _c¥2800
024 _a19,931
037 _bGift, Japan Foundation
_cTextual
040 _aEASL
_cEASL
_bjpn
041 _2jpn
_ajpn
082 _aW.42.N45, M3
100 _aISHIDA Takeshi
245 0 _aKindai Nihon no seiji bunka to gengo shocho
260 _aTokyo
_bTokyo Daigaku Shuppankai Japan
_c1983
300 _a250p.
_ccm.
490 _v JL
650 _aJL
942 _hW.42.N45, M3
_cTEXL
_2CC
999 _c1088017
_d1088017